00640nam a22002177a 450000500170000001000110001702000100002803500110003803700160004904000120006508200160007724501350009326000240022827000290025230000280028150000410030965000150035065000260036570000140039170000170040520170124110222.0 a565627 c00.00 a565627 bCen Lib/Ret aDPLbEN a551.49bREP aRepresntative and experimental basins :cedited by C. Toebes [and] V. Ouryvaevban international guide for research and practice / aParisbUnescoc1970 bParisaPlace de Fontenoy a348p. :c24cm(Hb)bill. aIncludes bibliographical references  aWatersheds aHydrology -- Research aToebs, C. a V. Ouryvaev